Текст томруулах:    
Assessment in special education (Бичлэгийн дугаар. 146179)
000 -УДИРДЛАГА
Удирдлага 00839nam a22002897a 4500
003 - ХЯНАЛТЫН ТОО ТОДОРХОЙЛОГЧ
Код MN-UlNUM
005 - БИЧИЛТ ХИЙСЭН ОГНОО
Тухайн бичилтийг бичсэн засварласан сүүлийн огноо 20260113142359.0
008 - ЕРӨНХИЙ МЭДЭЭЛЭЛ
Ерөнхий мэдээлэл 260113s1982 mdub|||| |||| 001 0 eng |
020 ## - ISBN
ISBN 0894438085
040 ## - БИЧЛЭГ ҮҮСГЭГЧ БАЙГУУЛЛАГА
Бичлэг үүсгэгч номын сангийн код МУИС-ийн номын сан
084 ## - ББК АНГИЛАЛ
Нэмэлт тусгалт Бусад
ББК ангилал 74.57
Зохиогчийн гурван тэмдэгт A 88
Мэдлэгийн ялгаа 74 - Боловсрол
245 00 - ҮНДСЭН ГАРЧИГ
Номын нэр Assessment in special education
Оролцогчдын тухай мэдээ John T. Neisworth, editor.
260 ## - ГАРАЛТЫН МЭДЭЭ
Хэвлэгдсэн газар Rockville, Md. :
Хэвлэлийн газар Aspen Systems Corp.,
Хэвлэгдсэн он 1982.
300 ## - МАТЕРИАЛЫН ТОДОРХОЙЛОЛТ
хуудасны тоо vi, 233 p. ;
Хэмжээ 27 cm.
500 ## - Тайлбар
Дансны дугаар БС 4971
546 ## - ХЭЛНИЙ ТУХАЙ МЭДЭЭ
Хэл Англи хэл дээр,
653 ## - Түлхүүр үг
Түлхүүр үг children with disabilities
653 ## - Түлхүүр үг
Түлхүүр үг education
653 ## - Түлхүүр үг
Түлхүүр үг evaluation
700 1# - ХАМ ЗОХИОГЧИД
Ба бус Neisworth, John T.
740 ## - НОМЫН ГАРЧИГ
Гарчиг Professional trends and Issues
740 ## - НОМЫН ГАРЧИГ
Гарчиг Theory, Models, and approaches
740 ## - НОМЫН ГАРЧИГ
Гарчиг Assessment for specific groups
942 ## - ЭЛЕМЕНТИЙН ТӨРӨЛ
Зүйлийн төрөл Ном